000 01489cam a22003977a 4500
001 2337
003 FISKH
005 20231117111558.0
008 140911s2009 enka j 001 0 eng
010 _a 2014432700
015 _aGBA904577
_2bnb
016 7 _a014877895
_2Uk
020 _a9781407109688 (pbk.)
020 _a9780439944007
020 _a1407109685 (pbk.)
040 _aUKM
_beng
_cUKM
_dBTCTA
_dYDXCP
_dVP@
_dOCLCF
_dDLC
042 _alccopycat
050 0 0 _aDF215
_b.D43 2009
082 0 4 _a937
_222
100 1 _aDeary, Terry.
245 1 4 _aThe rotten romans /
_cTerry Deary ; illustrated by Martin Brown.
250 _aThis edition published 20007
260 _aLondon :
_bScholastic,
_c1994
300 _a141 pages :
_billustrations ;
_c20 cm
490 0 _aHorrible histories
505 _aR
520 _aDiscover all the foul facts about the rotten Romans in this classic Horrible Histories title. All the foul facts about the rotten Romans are ready to uncover, including: what Roman soldiers wore under their kilts and how ancient Britons got their hair nice and spiky.
521 8 _a780
_bLexile
521 8 _aR
_bRaz-Plus
651 0 _aGreece
_xHistory
_yTo 146 B.C.
_vJuvenile literature.
651 0 _aGreece
_xHistory
_y146 B.C.-323 A.D.
_vJuvenile literature.
651 0 _aRome
_xHistory
_vJuvenile literature.
700 1 _aBrown, Martin,
_d1959-
_eillustrator
906 _a7
_bcbc
_ccopycat
_d3
_encip
_f20
_gy-gencatlg
942 _2ddc
_cBK
_n0
999 _c2337
_d2337